English for accounting /

Bibliografische gegevens
Hoofdauteur: Frendo, Evan
Andere auteurs: Mahoney, Sean
Formaat: Boek
Taal:English
Gepubliceerd in: Oxford : Oxford University Press, 2007.
Reeks:Express series.
Onderwerpen:
Classic Catalogue: View this record in Classic Catalogue
LEADER 01242nam a2200313 a 4500
001 0017243
003 BD-DhAAL
008 090810s2007 enka 000 0 eng d
020 |a 9780194579100 
020 |a 9780194579117 
040 |a BD-DhAAL  |c BD-DhAAL 
082 0 0 |a 420  |2 22 
100 1 |a Frendo, Evan.  |9 762 
245 0 0 |a English for accounting /  |c Evan Frendo, Sean Mahoney. 
260 |a Oxford :  |b Oxford University Press,  |c 2007. 
300 |a 64 p. :  |b ill. ;  |c 26 cm  |e  + 1 CD-ROM (4 3/4 in.) 
490 0 |a Express series. 
526 |a CFL, BRACU 
541 1 |e 00017243  |a Karim International 
650 0 |a Language and languages. 
650 0 |a Linguistics. 
650 0 |a English language  |x Business English  |x Problems, exercises, etc. 
650 0 |a English language  |x Business English.  
700 1 |a Mahoney, Sean.  |9 766 
852 4 |a Ayesha Abed Library  |c General Stacks 
942 |2 ddc  |c BK 
999 |c 9531  |d 9531 
952 |0 0  |1 0  |2 ddc  |4 0  |6 420_FRE_200700000000000  |7 0  |9 12014  |a BRACUL  |b BRACUL  |c GEN  |d 2010-09-23  |e Karim International  |g 1450.00  |l 0  |o 420 FRE  |p 3010017243  |r 2010-09-23  |t 1  |w 2010-09-23  |y BK 
952 |0 0  |1 0  |2 ddc  |4 0  |6 420_FRE_200700000000000  |7 0  |9 12015  |a BRACUL  |b BRACUL  |c AV  |d 2010-09-23  |l 0  |o 420 FRE  |p 4010017243  |r 2010-09-23  |t 1  |w 2010-09-23  |y AV